[Event "IND-chT 33rd"]
[Site "Hyderabad"]
[Date "2013.02.21"]
[Round "1.2"]
[White "Vikee, Vishal"]
[Black "Laxman, Rajaram"]
[Result "0-1"]
[WhiteElo "1958"]
[BlackElo "2443"]
[PlyCount "40"]
[EventDate "2013.02.20"]
[EventType "team-swiss"]
[EventRounds "9"]
[EventCountry "IND"]
[SourceTitle "CBM 153 Extra"]
[Source "ChessBase"]
[SourceDate "2013.04.22"]
[SourceVersion "1"]
[SourceVersionDate "2013.04.22"]
[SourceQuality "1"]
[WhiteTeam "Bihar"]
[BlackTeam "Indian Railways"]
[WhiteTeamCountry "IND"]
[BlackTeamCountry "IND"]

1. e4 e5 2. Nf3 Nc6 3. Bb5 a6 4. Ba4 Nf6 5. 0-0 Be7 6. Re1 b5 7. Bb3 0-0 8. h3 d6 9. c3 Na5 10. Bc2 c5 11. d4 Qc7 12. Nbd2 cxd4 13. cxd4 Rd8 14. Nf1 exd4 15. Nxd4 d5 16. exd5 Nxd5 17. Qe2 Bb7 18. Nf5 Bf8 19. Bg5 f6 20. Bd2 Nc4 0-1